000 00895nmc a2200313 a 4500
003 AR-BaBNM
005 20251128211237.0
008 073020s2003 ||||||||||||||000 | spa||
020 _a950-12-5508-5
040 _cAR-BaBNM
100 1 _aHenderson, Nan
245 1 0 _aResiliencia en la escuela
250 _a1ª ed.
260 _aBuenos Aires
_bPaidós
_c2003
300 _a184 p.
490 0 _aRedes en educación
_vv. 8
500 _aContiene índice analítico y sitios de internet relacionados con el tema
504 _aContiene referencias bibliográficas p. 170-178
650 4 _aNINOS SOCIALMENTE DESFAVORECIDOS
650 4 _aINTEGRACION SOCIAL
650 4 _aPAPEL DE LA ESCUELA
650 4 _aROL DEL DOCENTE
650 4 _aMARGINALIDAD SOCIAL
653 _aRESILIENCIA
700 1 _aMilstein, Mike M.
800 1 _aPogré, Paula
942 _cBK
998 _craquel
999 _c18864
_d18864